[Event "NB II. Asztalos csoport"]
[Site "Kaposvar"]
[Date "2024.05.12"]
[Round "9.6"]
[White "Marcsingo, Jozsef"]
[Black "Peregi, Zsolt"]
[Result "0-1"]
[WhiteElo "1831"]
[BlackElo "1956"]
[PlyCount "34"]
[EventDate "2023.10.08"]
[EventType "team-tourn"]
[EventRounds "9"]
[EventCountry "HUN"]
[Source "chess.hu"]
[WhiteTeam "Kaposvari Bastya SE"]
[BlackTeam "Szentlorinc"]
[WhiteTeamCountry "HUN"]
[BlackTeamCountry "HUN"]

1. d4 Nf6 2. Bf4 d5 3. Nf3 g6 4. e3 Bg7 5. Nc3 a6 6. Bd3 O-O 7. O-O c5 8. dxc5
Nc6 9. Ne5 Qa5 10. Nxc6 bxc6 11. Be5 Qxc5 12. Na4 Qa5 13. c4 dxc4 14. Bc3 Qb5
15. Bxc4 Qxc4 16. Nb6 Qb5 17. Nxa8 Qb7 0-1

[Event "NB II. Asztalos csoport"]
[Site "Kaposvar"]
[Date "2024.05.12"]
[Round "9.7"]
[White "Bogar, Gabor"]
[Black "Erdelyi, Sandor"]
[Result "1/2-1/2"]
[WhiteElo "1848"]
[BlackElo "1907"]
[PlyCount "26"]
[EventDate "2023.10.08"]
[EventType "team-tourn"]
[EventRounds "9"]
[EventCountry "HUN"]
[Source "chess.hu"]
[WhiteTeam "Szentlorinc"]
[BlackTeam "Kaposvari Bastya SE"]
[WhiteTeamCountry "HUN"]
[BlackTeamCountry "HUN"]

1. d4 d5 2. c4 e6 3. Nf3 c5 4. cxd5 cxd4 5. Nxd4 Qxd5 6. Nc3 Qd8 7. e3 Bd7 8.
Be2 a6 9. Bf3 Qc7 10. O-O Nc6 11. Nxc6 Bxc6 12. Bxc6+ Qxc6 13. Qa4 Rc8 1/2-1/2

[Event "NB II. Asztalos csoport"]
[Site "Kaposvar"]
[Date "2024.05.12"]
[Round "9.8"]
[White "Makaresz, Ferenc"]
[Black "Konya, Attila"]
[Result "0-1"]
[WhiteElo "1900"]
[BlackElo "1852"]
[PlyCount "38"]
[EventDate "2023.10.08"]
[EventType "team-tourn"]
[EventRounds "9"]
[EventCountry "HUN"]
[Source "chess.hu"]
[WhiteTeam "Kaposvari Bastya SE"]
[BlackTeam "Szentlorinc"]
[WhiteTeamCountry "HUN"]
[BlackTeamCountry "HUN"]

1. d4 Nf6 2. h3 g6 3. Bf4 Bg7 4. Nf3 d5 5. e3 O-O 6. Be2 c5 7. c3 Nfd7 8. Nbd2
Nc6 9. O-O e5 10. dxe5 Ndxe5 11. Nb3 b6 12. Bb5 Bb7 13. Be2 Re8 14. Nxe5 Nxe5
15. Nd2 d4 16. cxd4 cxd4 17. Bb5 Qd5 18. f3 Qxb5 19. exd4 Nd3 0-1

[Event "NB II. Asztalos csoport"]
[Site "Kaposvar"]
[Date "2024.05.12"]
[Round "9.9"]
[White "Wolosz, Robert"]
[Black "Szotak, Laszlo"]
[Result "1/2-1/2"]
[WhiteElo "1821"]
[BlackElo "1932"]
[PlyCount "113"]
[EventDate "2023.10.08"]
[EventType "team-tourn"]
[EventRounds "9"]
[EventCountry "HUN"]
[Source "chess.hu"]
[WhiteTeam "Szentlorinc"]
[BlackTeam "Kaposvari Bastya SE"]
[WhiteTeamCountry "HUN"]
[BlackTeamCountry "HUN"]

1. e4 c5 2. Nf3 a6 3. d4 cxd4 4. Nxd4 Nf6 5. Bd3 e5 6. Nb3 Nc6 7. c3 d5 8. exd5
Qxd5 9. O-O Bg4 10. f3 Bh5 11. Qe2 Rd8 12. Rd1 Qd6 13. Bc2 Qc7 14. N1d2 Be7 15.
Ne4 Nxe4 16. Qxe4 Bg6 17. Qe2 Bxc2 18. Qxc2 O-O 19. Rxd8 Rxd8 20. Qe2 f6 21.
Be3 Na5 22. Nd2 Bc5 23. Kf1 Bxe3 24. Qxe3 Nc4 25. Nxc4 Qxc4+ 26. Qe2 Qd5 27.
Ke1 Qc5 28. Kf1 Qd5 29. Ke1 b5 30. Rd1 Qxd1+ 31. Qxd1 Rxd1+ 32. Kxd1 Kf7 33.
Kc2 f5 34. Kd3 Ke6 35. c4 h5 36. h4 Kd6 37. b4 Kc6 38. Kc3 Kd6 39. Kd3 Kc6 40.
Kc3 Kd6 41. Kb3 Kc6 42. a4 Kb6 43. cxb5 axb5 44. a5+ Kc6 45. Kc3 Kd5 46. Kd3
Kc6 47. Ke3 Kd5 48. Ke2 Kc6 49. Kf2 Kd5 50. Kg3 Kc6 51. Kh3 Kd5 52. g4 g6 53.
Kg3 Kc6 54. gxh5 gxh5 55. Kf2 Kd5 56. Ke3 Kc6 57. Kd3 1/2-1/2

[Event "NB II. Asztalos csoport"]
[Site "Kaposvar"]
[Date "2024.05.12"]
[Round "9.10"]
[White "Illes, Attila Dr"]
[Black "Rostas, Sandor"]
[Result "1/2-1/2"]
[WhiteElo "1919"]
[BlackElo "1789"]
[PlyCount "49"]
[EventDate "2023.10.08"]
[EventType "team-tourn"]
[EventRounds "9"]
[EventCountry "HUN"]
[Source "chess.hu"]
[WhiteTeam "Kaposvari Bastya SE"]
[BlackTeam "Szentlorinc"]
[WhiteTeamCountry "HUN"]
[BlackTeamCountry "HUN"]

1. d4 e6 2. Nf3 d5 3. Bg5 Be7 4. Bf4 Nf6 5. e3 b6 6. c3 Bb7 7. h3 h6 8. Bd3
Nbd7 9. Nbd2 c5 10. O-O O-O 11. Qb1 Re8 12. Bh2 Rc8 13. Ne1 cxd4 14. exd4 Nf8
15. Nef3 Bd6 16. Bxd6 Qxd6 17. Ne5 N6d7 18. f4 f6 19. Ng6 e5 20. fxe5 fxe5 21.
dxe5 Nxe5 22. Nxe5 Qxe5 23. Nf3 Qe3+ 24. Kh1 d4 25. cxd4 1/2-1/2

[Event "NB II. Asztalos csoport"]
[Site "Kaposvar"]
[Date "2024.05.12"]
[Round "9.11"]
[White "Fabian, Zsombor"]
[Black "Palavics, Krisztian"]
[Result "1/2-1/2"]
[WhiteElo "1761"]
[BlackElo "1888"]
[PlyCount "84"]
[EventDate "2023.10.08"]
[EventType "team-tourn"]
[EventRounds "9"]
[EventCountry "HUN"]
[Source "chess.hu"]
[WhiteTeam "Szentlorinc"]
[BlackTeam "Kaposvari Bastya SE"]
[WhiteTeamCountry "HUN"]
[BlackTeamCountry "HUN"]

1. e4 c5 2. Nf3 d6 3. d4 cxd4 4. Nxd4 Nf6 5. Nc3 a6 6. Bc4 e5 7. Nf3 Be7 8. O-O
O-O 9. Bg5 Nbd7 10. Re1 Qc7 11. Bb3 h6 12. Bh4 Re8 13. Nd5 Nxd5 14. Qxd5 Qd8
15. Qxf7+ Kh8 16. Bxe7 Rxe7 17. Qg6 Nf8 18. Qg3 Be6 19. Rad1 Bxb3 20. axb3 Qc7
21. c4 Rf7 22. Nh4 Rd8 23. Re2 Rdd7 24. Red2 Rf6 25. Nf5 Ng6 26. Qg4 Kh7 27. g3
Nf8 28. c5 Rg6 29. Qf3 Qxc5 30. Nxd6 Rdxd6 31. Qxf8 Rxd2 32. Qxc5 Rxd1+ 33. Kg2
Re6 34. Qc8 Rf6 35. Qc2 Rfd6 36. Qc5 Re6 37. Qc7 Rd2 38. Qc3 Rdd6 39. Kf3 Rb6
40. Ke3 Rb5 41. b4 Rc6 42. Qb3 Rf6 1/2-1/2

[Event "NB II. Asztalos csoport"]
[Site "Kaposvar"]
[Date "2024.05.12"]
[Round "9.12"]
[White "Feher, Koppany"]
[Black "Antal, Daniel"]
[Result "1-0"]
[WhiteElo "1667"]
[BlackElo "1614"]
[PlyCount "115"]
[EventDate "2023.10.08"]
[EventType "team-tourn"]
[EventRounds "9"]
[EventCountry "HUN"]
[Source "chess.hu"]
[WhiteTeam "Kaposvari Bastya SE"]
[BlackTeam "Szentlorinc"]
[WhiteTeamCountry "HUN"]
[BlackTeamCountry "HUN"]

1. d4 d5 2. c4 e6 3. Nc3 c6 4. Nf3 dxc4 5. e4 b5 6. a4 Bb4 7. Bd2 Bxc3 8. Bxc3
a6 9. axb5 cxb5 10. b3 Bb7 11. bxc4 bxc4 12. Nd2 Nf6 13. f3 O-O 14. Bxc4 Nc6
15. Nb3 Nd7 16. Na5 Nxa5 17. Bxa5 Qe7 18. Qb3 Rfb8 19. Bc7 Bxe4 20. Bxb8 Rxb8
21. Qc3 Bb7 22. O-O Rc8 23. Qd3 Rd8 24. Bxa6 Nc5 25. Qa3 Bxa6 26. dxc5 Bxf1 27.
Kxf1 g6 28. c6 Qxa3 29. Rxa3 Rc8 30. Ra6 Kf8 31. Ke2 Rc7 32. Kd3 Ke7 33. Kc4
Kd6 34. Kb5 f5 35. Rb6 h5 36. Rb8 Rxc6 37. Rd8+ Kc7 38. Rc8+ Kxc8 39. Kxc6 e5
40. Kd5 Kd7 41. Kxe5 Ke7 42. Kf4 Kf6 43. h4 Kf7 44. Kg5 Kg7 45. f4 Kh7 46. Kf6
Kh6 47. Kf7 Kh7 48. g3 Kh6 49. Kg8 g5 50. hxg5+ Kg6 51. Kh8 h4 52. gxh4 Kh5 53.
Kh7 Kxh4 54. g6 Kg4 55. g7 Kxf4 56. g8=Q Ke3 57. Qg3+ Ke4 58. Qf2 1-0

[Event "NB II. Asztalos csoport"]
[Site "Decs"]
[Date "2024.05.12"]
[Round "9.1"]
[White "Ruppaner, Janos"]
[Black "Papp, Tamas"]
[Result "1/2-1/2"]
[WhiteElo "2029"]
[BlackElo "2269"]
[PlyCount "36"]
[EventDate "2023.10.08"]
[EventType "team-tourn"]
[EventRounds "9"]
[EventCountry "HUN"]
[Source "chess.hu"]
[WhiteTeam "Kalocsai SK"]
[BlackTeam "Decs 1990"]
[WhiteTeamCountry "HUN"]
[BlackTeamCountry "HUN"]

1. e4 c5 2. Nf3 e6 3. d4 cxd4 4. Nxd4 Qb6 5. Nb3 Qc7 6. c4 Nf6 7. Bd3 Be7 8. f4
d5 9. cxd5 exd5 10. e5 Ne4 11. Be3 O-O 12. O-O Nc6 13. Nc3 Nxc3 14. bxc3 g6 15.
Rc1 Rd8 16. Qf3 Ba3 17. Rc2 Qe7 18. Qf2 b6 1/2-1/2

[Event "NB II. Asztalos csoport"]
[Site "Decs"]
[Date "2024.05.12"]
[Round "9.2"]
[White "Taskovits, Istvan"]
[Black "Molnar, Krisztian"]
[Result "1-0"]
[WhiteElo "2330"]
[BlackElo "1999"]
[PlyCount "61"]
[EventDate "2023.10.08"]
[EventType "team-tourn"]
[EventRounds "9"]
[EventCountry "HUN"]
[Source "chess.hu"]
[WhiteTeam "Decs 1990"]
[BlackTeam "Kalocsai SK"]
[WhiteTeamCountry "HUN"]
[BlackTeamCountry "HUN"]

1. d4 e6 2. c4 d5 3. Nc3 Nf6 4. Bg5 Nbd7 5. e3 Be7 6. Nf3 O-O 7. cxd5 exd5 8.
Bd3 b6 9. O-O Bb7 10. Rc1 Ne4 11. Bf4 c5 12. Nb5 a6 13. dxc5 Ndxc5 14. Nbd4 Rc8
15. Be2 Bf6 16. b4 Ne6 17. Nxe6 fxe6 18. Be5 Bxe5 19. Nxe5 Qd6 20. Qd4 Rc7 21.
Rxc7 Qxc7 22. Bg4 Bc8 23. Qb2 b5 24. Rc1 Qe7 25. f4 Nd6 26. Rc5 Nc4 27. Qd4 Bb7
28. g3 Rc8 29. Nd3 Qf6 30. Qxf6 gxf6 31. Bxe6+ 1-0

[Event "NB II. Asztalos csoport"]
[Site "Decs"]
[Date "2024.05.12"]
[Round "9.3"]
[White "Czibulka, Zoltan Dr"]
[Black "Kiss, Lajos"]
[Result "1/2-1/2"]
[WhiteElo "1895"]
[BlackElo "2168"]
[PlyCount "77"]
[EventDate "2023.10.08"]
[EventType "team-tourn"]
[EventRounds "9"]
[EventCountry "HUN"]
[Source "chess.hu"]
[WhiteTeam "Kalocsai SK"]
[BlackTeam "Decs 1990"]
[WhiteTeamCountry "HUN"]
[BlackTeamCountry "HUN"]

1. Nf3 d5 2. d4 Nf6 3. Bf4 e6 4. e3 Bd6 5. Bxd6 Qxd6 6. c3 O-O 7. Nbd2 c5 8.
Bd3 Nc6 9. O-O e5 10. dxe5 Nxe5 11. Nxe5 Qxe5 12. Nf3 Qh5 13. Qa4 Bd7 14. Qh4
Qxh4 15. Nxh4 Bc6 16. Rad1 Rfe8 17. Nf5 g6 18. Ng3 h5 19. h4 a5 20. Be2 Rad8
21. Bf3 Ng4 22. Rd2 Ne5 23. Be2 b5 24. a3 Rb8 25. Rc1 Kg7 26. b3 Re7 27. Bf1 f6
28. Ne2 Ra7 29. Nf4 c4 30. b4 Rd7 31. Rcd1 Kf7 32. Ne2 Ra7 33. Nd4 Bd7 34. Be2
axb4 35. axb4 Ra3 36. Rc1 Rba8 37. f4 Ng4 38. Bxg4 hxg4 39. Kf2 1/2-1/2

[Event "NB II. Asztalos csoport"]
[Site "Decs"]
[Date "2024.05.12"]
[Round "9.4"]
[White "Nagybiro, Laszlo"]
[Black "Lukacs, Albert"]
[Result "1-0"]
[WhiteElo "2102"]
[BlackElo "1964"]
[PlyCount "76"]
[EventDate "2023.10.08"]
[EventType "team-tourn"]
[EventRounds "9"]
[EventCountry "HUN"]
[Source "chess.hu"]
[WhiteTeam "Decs 1990"]
[BlackTeam "Kalocsai SK"]
[WhiteTeamCountry "HUN"]
[BlackTeamCountry "HUN"]

1. d4 Nf6 2. c4 g6 3. Nc3 Bg7 4. e4 d6 5. Be2 c6 6. h3 Nbd7 7. Nf3 Qc7 8. Be3
a5 9. a3 Rb8 10. Rc1 b6 11. b4 e6 12. O-O O-O 13. d5 e5 14. dxc6 Qxc6 15. Nd5
Re8 16. Nd2 Qb7 17. bxa5 bxa5 18. Qa4 Nxd5 19. cxd5 Nf6 20. Rb1 Bd7 21. Qxa5
Ra8 22. Rxb7 Rxa5 23. Nc4 Rb5 24. Nb6 Rb2 25. Re1 Bb5 26. Bxb5 Rxb5 27. f3 h6
28. a4 Ra5 29. Rc1 Nh5 30. Rcc7 Rf8 31. Ra7 Rxa7 32. Rxa7 f5 33. a5 fxe4 34.
fxe4 Kh7 35. Nc4 Nf4 36. Nxd6 Ne2+ 37. Kh2 Kg8 38. a6 Bf6 1-0

[Event "NB II. Asztalos csoport"]
[Site "Decs"]
[Date "2024.05.12"]
[Round "9.5"]
[White "Matota, Kornel Dr"]
[Black "Gal, Peter"]
[Result "0-1"]
[WhiteElo "1944"]
[BlackElo "2055"]
[PlyCount "90"]
[EventDate "2023.10.08"]
[EventType "team-tourn"]
[EventRounds "9"]
[EventCountry "HUN"]
[Source "chess.hu"]
[WhiteTeam "Kalocsai SK"]
[BlackTeam "Decs 1990"]
[WhiteTeamCountry "HUN"]
[BlackTeamCountry "HUN"]

1. d4 Nf6 2. Nf3 e6 3. c4 c5 4. Nc3 cxd4 5. Nxd4 a6 6. g3 Qc7 7. Qd3 Nc6 8. a3
Ne5 9. Qc2 Qxc4 10. e3 Qc7 11. Bg2 Be7 12. O-O d5 13. Bd2 O-O 14. Rac1 Nc4 15.
Nb1 Qb6 16. Bc3 e5 17. Nf3 e4 18. Nd4 Ng4 19. Nd2 Qh6 20. Rfe1 Qxh2+ 21. Kf1
Ncxe3+ 22. fxe3 Qxg3 23. Nxe4 dxe4 24. Bxe4 Nh2+ 25. Ke2 Bg4+ 26. Kd3 Rad8 27.
Rg1 Qe5 28. Qg2 f5 29. Bxb7 Bg5 30. Rce1 Bh4 31. Rc1 Rfe8 32. Kc2 Qxe3 33. Qxh2
Rxd4 34. Bxd4 Qxd4 35. Kb1 Re2 36. Qb8+ Kf7 37. Bxa6 Rd2 38. Bc4+ Kg6 39. Qe8+
Kh6 40. Qb5 Bf6 41. Rh1+ Kg5 42. Rc2 Rxc2 43. Kxc2 Qe4+ 44. Bd3 Qxh1 45. a4
Qd1# 0-1

[Event "NB II. Asztalos csoport"]
[Site "Decs"]
[Date "2024.05.12"]
[Round "9.6"]
[White "Horvath, Balazs"]
[Black "Gangler, Zoltan Dr"]
[Result "1-0"]
[WhiteElo "2080"]
[BlackElo "1861"]
[PlyCount "57"]
[EventDate "2023.10.08"]
[EventType "team-tourn"]
[EventRounds "9"]
[EventCountry "HUN"]
[Source "chess.hu"]
[WhiteTeam "Decs 1990"]
[BlackTeam "Kalocsai SK"]
[WhiteTeamCountry "HUN"]
[BlackTeamCountry "HUN"]

1. e4 g6 2. d4 Bg7 3. f4 d6 4. Nf3 a6 5. h3 b5 6. Bd3 Bb7 7. O-O Nf6 8. Nbd2
O-O 9. c3 e6 10. e5 Nfd7 11. Ne4 Bxe4 12. Bxe4 d5 13. Bc2 c5 14. Be3 Qe7 15. g4
Nc6 16. f5 exf5 17. gxf5 f6 18. dxc5 Ncxe5 19. Qxd5+ Kh8 20. fxg6 hxg6 21. Rae1
Rac8 22. b4 Rfd8 23. Qe4 Nxf3+ 24. Qxf3 Ne5 25. Qg3 Kg8 26. Bd4 Rc6 27. Bb3+
Kh7 28. Qh4+ Bh6 29. Rxe5 1-0

[Event "NB II. Asztalos csoport"]
[Site "Decs"]
[Date "2024.05.12"]
[Round "9.7"]
[White "Bartuszek, Andras"]
[Black "Balazs, Imre"]
[Result "1-0"]
[WhiteElo "1863"]
[BlackElo "2012"]
[PlyCount "69"]
[EventDate "2023.10.08"]
[EventType "team-tourn"]
[EventRounds "9"]
[EventCountry "HUN"]
[Source "chess.hu"]
[WhiteTeam "Kalocsai SK"]
[BlackTeam "Decs 1990"]
[WhiteTeamCountry "HUN"]
[BlackTeamCountry "HUN"]

1. e4 e5 2. Nf3 Nc6 3. Bb5 a6 4. Ba4 Nf6 5. d3 b5 6. Bb3 Be7 7. c3 O-O 8. Bg5
d6 9. Nbd2 Na5 10. Bc2 c5 11. Nf1 Nc6 12. Bb3 Ne8 13. h4 h6 14. Bd2 Nf6 15. Ne3
Ng4 16. Nd5 Be6 17. Ng5 hxg5 18. Nxe7+ Qxe7 19. hxg5 g6 20. f3 Kg7 21. fxg4 Rh8
22. Rh6 Bxb3 23. Qxb3 Qd7 24. O-O-O Qxg4 25. Rdh1 Qe6 26. Qd1 Qxa2 27. Qf3 Rxh6
28. Qf6+ Kf8 29. Rxh6 Ne7 30. Rh8+ Ng8 31. Qxd6+ Kg7 32. Qxe5+ f6 33. Qh2 Qe6
34. Qh7+ Kf8 35. gxf6 1-0

[Event "NB II. Asztalos csoport"]
[Site "Decs"]
[Date "2024.05.12"]
[Round "9.8"]
[White "Barbarics, Tamas"]
[Black "Kenyeres, Zsolt"]
[Result "1-0"]
[WhiteElo "1987"]
[BlackElo "1699"]
[PlyCount "87"]
[EventDate "2023.10.08"]
[EventType "team-tourn"]
[EventRounds "9"]
[EventCountry "HUN"]
[Source "chess.hu"]
[WhiteTeam "Decs 1990"]
[BlackTeam "Kalocsai SK"]
[WhiteTeamCountry "HUN"]
[BlackTeamCountry "HUN"]

1. d4 d5 2. e4 e6 3. Nc3 Bb4 4. e5 h6 5. Qg4 g5 6. f4 Be7 7. fxg5 Bxg5 8. Nf3
Bxc1 9. Rxc1 Kf8 10. Be2 Nc6 11. O-O Nge7 12. Nh4 Nf5 13. Nxf5 exf5 14. Qf4 Be6
15. Bd3 Ne7 16. Ne2 Ng6 17. Qf2 Nh4 18. g3 Qg5 19. Kh1 Ng6 20. Bxf5 Bxf5 21.
Qxf5 Qxf5 22. Rxf5 Kg7 23. Rcf1 Rhf8 24. Nc3 c6 25. Nd1 Rae8 26. Ne3 Re6 27.
Rf6 Rxf6 28. Rxf6 h5 29. Kg2 Ne7 30. Rd6 Nc8 31. Nf5+ Kg8 32. Rh6 Re8 33. Rxh5
Re6 34. Kf3 Rg6 35. Kf4 b6 36. Rg5 Kh7 37. h4 c5 38. c3 Kg8 39. g4 Kf8 40. h5
Re6 41. h6 Ne7 42. Nxe7 Kxe7 43. h7 Rh6 44. Rh5 1-0

[Event "NB II. Asztalos csoport"]
[Site "Decs"]
[Date "2024.05.12"]
[Round "9.9"]
[White "Nagy, Lajos"]
[Black "Werner, Anna"]
[Result "0-1"]
[WhiteElo "1865"]
[BlackElo "1979"]
[PlyCount "95"]
[EventDate "2023.10.08"]
[EventType "team-tourn"]
[EventRounds "9"]
[EventCountry "HUN"]
[Source "chess.hu"]
[WhiteTeam "Kalocsai SK"]
[BlackTeam "Decs 1990"]
[WhiteTeamCountry "HUN"]
[BlackTeamCountry "HUN"]

1. d4 d5 2. e3 Nf6 3. Bd3 c5 4. c3 Nc6 5. f4 e6 6. Nf3 Bd6 7. Nbd2 cxd4 8. cxd4
Nb4 9. Bb1 Bd7 10. O-O Bb5 11. Re1 O-O 12. Ne5 Rc8 13. a3 Nc6 14. b4 Ne7 15. g4
Bxe5 16. fxe5 Nd7 17. Nf3 Ng6 18. g5 f6 19. e4 fxe5 20. exd5 Rxc1 21. Qxc1 Rxf3
22. Be4 Rf4 23. dxe6 Qxg5+ 24. Kh1 Nb6 25. Bxb7 Qh4 26. Qe3 Qe7 27. Bg2 Qxe6
28. Rac1 Bc4 29. Qh3 Qxh3 30. Bxh3 Rxd4 31. Rcd1 Nf4 32. Rxd4 exd4 33. Bg4 d3
34. Kg1 Bb3 35. Re8+ Kf7 36. Re4 g5 37. h4 h6 38. hxg5 hxg5 39. Rd4 Nbd5 40.
Kf2 Kf6 41. Bf3 Ke5 42. Re4+ Kf5 43. Re8 d2 44. Rd8 g4 45. Rf8+ Nf6 46. Rd8
gxf3 47. Kxf3 Bd5+ 48. Rxd5+ 0-1

[Event "NB II. Asztalos csoport"]
[Site "Decs"]
[Date "2024.05.12"]
[Round "9.12"]
[White "Kaszas, Kristof"]
[Black "Grafik, Martin"]
[Result "1-0"]
[WhiteElo "1879"]
[BlackElo "1593"]
[PlyCount "127"]
[EventDate "2023.10.08"]
[EventType "team-tourn"]
[EventRounds "9"]
[EventCountry "HUN"]
[Source "chess.hu"]
[WhiteTeam "Decs 1990"]
[BlackTeam "Kalocsai SK"]
[WhiteTeamCountry "HUN"]
[BlackTeamCountry "HUN"]

1. d4 d5 2. c4 dxc4 3. e3 Be6 4. Na3 Qd6 5. Qc2 Nf6 6. Nf3 c6 7. Nxc4 Bxc4 8.
Bxc4 b5 9. Bd3 h6 10. Bd2 e6 11. Rc1 a6 12. Ne5 Be7 13. Nxc6 Nxc6 14. Qxc6+
Qxc6 15. Rxc6 O-O 16. O-O Rfd8 17. Ba5 Re8 18. Rfc1 Nd5 19. a3 Bg5 20. f4 Bf6
21. Kf2 g5 22. g3 Bg7 23. Kf3 f5 24. a4 g4+ 25. Kf2 bxa4 26. Bxa6 h5 27. Rc8
Rxa6 28. Rxe8+ Kf7 29. Rcc8 Rxa5 30. Ra8 Rb5 31. Reb8 Rxb8 32. Rxb8 Ke7 33.
Rb7+ Kf8 34. Ke2 Bf6 35. Rb8+ Ke7 36. Ra8 h4 37. Rxa4 h3 38. Kd3 Kd7 39. e4
fxe4+ 40. Kxe4 Nb6 41. Ra7+ Kd8 42. Rf7 Be7 43. f5 exf5+ 44. Rxf5 Nc4 45. Kf4
Nxb2 46. Kxg4 Nc4 47. Kxh3 Ne3 48. Re5 Nc4 49. Kg4 Nxe5+ 50. dxe5 Ke8 51. Kf5
Kf7 52. h4 Bc5 53. g4 Be3 54. g5 Kf8 55. h5 Kf7 56. h6 Kf8 57. Kf6 Kg8 58. Kg6
Kh8 59. e6 Bd4 60. Kf7 Kh7 61. g6+ Kxh6 62. g7 Bc5 63. g8=Q Kh5 64. Kf6 1-0

[Event "NB II. Asztalos csoport"]
[Site "Pecs"]
[Date "2024.05.12"]
[Round "9.1"]
[White "Vrban, Mladen"]
[Black "Kele, Karoly"]
[Result "1-0"]
[WhiteElo "2282"]
[BlackElo "2045"]
[PlyCount "55"]
[EventDate "2023.10.08"]
[EventType "team-tourn"]
[EventRounds "9"]
[EventCountry "HUN"]
[Source "chess.hu"]
[WhiteTeam "Sakk Egylet Nagyatad"]
[BlackTeam "Karmin PSSE"]
[WhiteTeamCountry "HUN"]
[BlackTeamCountry "HUN"]

1. e4 c5 2. Nf3 e6 3. d4 cxd4 4. Nxd4 Nc6 5. Nc3 Qc7 6. Be3 a6 7. Be2 Nf6 8.
O-O Bb4 9. Na4 Be7 10. c4 Nxe4 11. c5 O-O 12. g3 f5 13. Rc1 Kh8 14. Bf3 Ng5 15.
Nb6 Rb8 16. Bf4 e5 17. Nd5 Qd8 18. Nxc6 dxc6 19. Bxe5 cxd5 20. Bxb8 Bd7 21. Be5
Nxf3+ 22. Qxf3 Bc6 23. Qc3 Bf6 24. Rcd1 h6 25. Rfe1 Rf7 26. Qd4 Qf8 27. f4 Be7
28. b4 1-0

[Event "NB II. Asztalos csoport"]
[Site "Pecs"]
[Date "2024.05.12"]
[Round "9.2"]
[White "Toth, David dr"]
[Black "Horvath, Attila"]
[Result "1/2-1/2"]
[WhiteElo "1977"]
[BlackElo "2116"]
[PlyCount "47"]
[EventDate "2023.10.08"]
[EventType "team-tourn"]
[EventRounds "9"]
[EventCountry "HUN"]
[Source "chess.hu"]
[WhiteTeam "Karmin PSSE"]
[BlackTeam "Sakk Egylet Nagyatad"]
[WhiteTeamCountry "HUN"]
[BlackTeamCountry "HUN"]

1. d4 d5 2. c4 dxc4 3. e3 Nf6 4. Bxc4 e6 5. Nf3 a6 6. O-O c5 7. dxc5 Bxc5 8.
Qxd8+ Kxd8 9. Nc3 Nbd7 10. a3 b5 11. Bd3 Bb7 12. b4 Bd6 13. Bb2 Rc8 14. Rac1
Ke7 15. Rfd1 Rhd8 16. h3 h6 17. Ne2 Bxf3 18. gxf3 Ne5 19. f4 Nxd3 20. Rxd3
Rxc1+ 21. Bxc1 Nd5 22. e4 Nb6 23. Be3 Nc4 24. Nd4 1/2-1/2

[Event "NB II. Asztalos csoport"]
[Site "Pecs"]
[Date "2024.05.12"]
[Round "9.3"]
[White "Molnar, Aurel Jr"]
[Black "Rein, Viktor"]
[Result "1-0"]
[WhiteElo "2080"]
[BlackElo "1962"]
[PlyCount "83"]
[EventDate "2023.10.08"]
[EventType "team-tourn"]
[EventRounds "9"]
[EventCountry "HUN"]
[Source "chess.hu"]
[WhiteTeam "Sakk Egylet Nagyatad"]
[BlackTeam "Karmin PSSE"]
[WhiteTeamCountry "HUN"]
[BlackTeamCountry "HUN"]

1. e4 c5 2. Nf3 d6 3. d4 cxd4 4. Nxd4 Nf6 5. f3 g6 6. c4 Bg7 7. Be3 O-O 8. Nc3
Nc6 9. Qd2 Bd7 10. Be2 Rc8 11. O-O Ne5 12. b3 a6 13. Rfd1 Re8 14. Rac1 Qc7 15.
h3 Qb8 16. f4 Nc6 17. Bf3 Nxd4 18. Bxd4 Bc6 19. Nd5 e5 20. fxe5 dxe5 21. Be3 b5
22. c5 Qb7 23. Bg5 Nd7 24. Ne7+ Rxe7 25. Bxe7 Nf6 26. Bd6 Nxe4 27. Qe3 Re8 28.
b4 f5 29. Rc2 Kh8 30. Rdc1 Kg8 31. Bxe4 fxe4 32. Rf1 Qd7 33. Rcf2 Bd5 34. Rd2
Qe6 35. Rfd1 Bc4 36. Qxe4 Bh6 37. Rf2 Bf4 38. a3 Qf6 39. Kh1 Qh4 40. Rf3 g5 41.
c6 g4 42. Rxf4 1-0

[Event "NB II. Asztalos csoport"]
[Site "Pecs"]
[Date "2024.05.12"]
[Round "9.4"]
[White "Toth, Gyorgy Dr"]
[Black "Molnar, Aurel"]
[Result "0-1"]
[WhiteElo "1900"]
[BlackElo "2167"]
[PlyCount "86"]
[EventDate "2023.10.08"]
[EventType "team-tourn"]
[EventRounds "9"]
[EventCountry "HUN"]
[Source "chess.hu"]
[WhiteTeam "Karmin PSSE"]
[BlackTeam "Sakk Egylet Nagyatad"]
[WhiteTeamCountry "HUN"]
[BlackTeamCountry "HUN"]

1. d4 Nf6 2. c4 e6 3. Nc3 d5 4. Nf3 c6 5. Bg5 Nbd7 6. e3 Qa5 7. Qc2 Bb4 8. Bxf6
Nxf6 9. Nd2 Ne4 10. Ndxe4 dxe4 11. Be2 O-O 12. O-O f5 13. c5 Bxc3 14. Qxc3 Qxc3
15. bxc3 b6 16. cxb6 axb6 17. Bc4 Kf7 18. f3 exf3 19. Rxf3 Ke7 20. h4 Ba6 21.
Bb3 Bd3 22. Rf2 Ra3 23. Rd1 Be4 24. c4 g6 25. Rc1 h6 26. Bd1 Rxe3 27. Bc2 Rc3
28. Rb1 Rxc2 29. Rxc2 Bxc2 30. Rxb6 Rd8 31. Rxc6 Rxd4 32. c5 Kd7 33. Ra6 Ra4
34. Rb6 Rxa2 35. Rb7+ Kc6 36. Rb6+ Kxc5 37. Rxe6 f4 38. h5 gxh5 39. Rxh6 Be4
40. Rxh5+ Kd4 41. Rg5 Ke3 42. Re5 Rxg2+ 43. Kf1 Rb2 0-1

[Event "NB II. Asztalos csoport"]
[Site "Pecs"]
[Date "2024.05.12"]
[Round "9.5"]
[White "Konig, Balazs"]
[Black "Albrecht, Akos"]
[Result "1/2-1/2"]
[WhiteElo "2105"]
[BlackElo "1936"]
[PlyCount "150"]
[EventDate "2023.10.08"]
[EventType "team-tourn"]
[EventRounds "9"]
[EventCountry "HUN"]
[Source "chess.hu"]
[WhiteTeam "Sakk Egylet Nagyatad"]
[BlackTeam "Karmin PSSE"]
[WhiteTeamCountry "HUN"]
[BlackTeamCountry "HUN"]

1. d4 d5 2. Nf3 Nf6 3. g3 e6 4. Bg2 c5 5. O-O Nc6 6. c4 dxc4 7. Qa4 Bd7 8. dxc5
Na5 9. Qc2 Rc8 10. Be3 Bxc5 11. Bxc5 Rxc5 12. b4 cxb3 13. Qxc5 b2 14. Nbd2
bxa1=Q 15. Rxa1 b6 16. Qd6 Bc6 17. Qxd8+ Kxd8 18. Ne5 Be8 19. Nb3 Nd7 20. Nxd7
Bxd7 21. Nxa5 bxa5 22. Rb1 Ke7 23. Rb7 Rc8 24. Rxa7 Rc1+ 25. Bf1 a4 26. f4 Ra1
27. e4 Kd8 28. Ra8+ Kc7 29. Ra7+ Kc8 30. Kf2 Rxa2+ 31. Ke3 a3 32. Kd4 Kb8 33.
Ra5 Bc6 34. Bd3 Kc7 35. Kc5 Ra1 36. Ra7+ Kb8 37. Ra6 Bb7 38. Ra4 Kc7 39. Ra7
Kb8 40. Ra4 f5 41. exf5 exf5 42. Bc4 Bf3 43. Kb4 Kb7 44. Rxa3 Rxa3 45. Kxa3 Kc6
46. Kb4 Kd6 47. Bd3 Ke6 48. Kc5 Kf6 49. Kd6 Be4 50. Be2 g5 51. fxg5+ Kxg5 52.
Ke5 Bc2 53. h4+ Kg6 54. Bb5 Kh5 55. Be2+ Kg6 56. Ke6 Bb3+ 57. Ke7 Ba2 58. Bf3
Bb3 59. Be2 h6 60. Bd3 Bd1 61. Ke6 Bg4 62. Ke5 Bh3 63. Bb5 Kh5 64. Be2+ Bg4 65.
Bd3 Kg6 66. Bb5 Bh3 67. Be8+ Kg7 68. Bh5 Bf1 69. Kxf5 Bb5 70. Ke6 Bc4+ 71. Ke7
Bb5 72. g4 Bc4 73. g5 hxg5 74. hxg5 Bd3 75. g6 Bxg6 1/2-1/2